Участники чемпионата мира по футболу 2026 года - Statistics

General Stats
  • This quiz has been taken 14 times
  • The average score is 40 of 48
Answers on the Map
Answers color-coded by a green-red scale on the quiz's map according to % correct below.
 
Answer Stats
Страна % Correct
Мексика
100%
Бразилия
100%
Марокко
100%
США
100%
Япония
100%
Франция
100%
Ирак
100%
Аргентина
100%
Австрия
100%
Португалия
100%
ЮАР
91%
Чехия
91%
Канада
91%
Швейцария
91%
Австралия
91%
Турция
91%
Германия
91%
Нидерланды
91%
Швеция
91%
Бельгия
91%
Испания
91%
Саудовская Аравия
91%
Уругвай
91%
Норвегия
91%
Алжир
91%
Колумбия
91%
Англия
91%
Южная Корея
82%
Тунис
82%
Египет
82%
Иран
82%
Сенегал
82%
Узбекистан
82%
Хорватия
82%
Панама
82%
Босния и Герцеговина
73%
Катар
73%
Парагвай
73%
Кот-д’Ивуар
73%
Эквадор
73%
Новая Зеландия
73%
Шотландия
64%
Кабо-Верде
64%
ДР Конго
64%
Кюрасао
55%
Иордания
55%
Гана
55%
Гаити
27%
No matching quizzes found
Score Distribution
Percent of People with Each Score
Percentile by Number Answered
Your Score History
You have not taken this quiz